000 00513cam a22002054a 4500
005 20250605164254.0
008 250528s ||||||||||||||||||||||||d
035 _a21871
020 _a9780201728989
040 _aGR-AtMCL
_bgre
_dGR-AtMCL
_eAACR2
245 1 _aMANAGING MULTIMEDIA VOLUME 1: PEOPLE AND PROCESSES
250 _a3
260 _bAddison-Wesley,
_c2002
300 _a424
700 1 _aEngland Elaine
_97768
700 1 _aFinney Andy
_97769
942 _cBK
999 _c6929
_d6929